<?xml version="1.0" encoding="UTF-8"?>
<collection xmlns="http://www.loc.gov/MARC21/slim">
<record>
  <controlfield tag="001">111025</controlfield>
  <controlfield tag="005">20220309093106.0</controlfield>
  <datafield tag="037" ind1=" " ind2=" ">
    <subfield code="a">TAZ-TFM-2019-800</subfield>
  </datafield>
  <datafield tag="041" ind1=" " ind2=" ">
    <subfield code="a">spa</subfield>
  </datafield>
  <datafield tag="100" ind1="1" ind2=" ">
    <subfield code="a">Bellido Bel, Teresa</subfield>
  </datafield>
  <datafield tag="242" ind1="0" ind2="0">
    <subfield code="a">Sociodemographic factors of depression in patients with eating disorders</subfield>
  </datafield>
  <datafield tag="245" ind1="0" ind2="0">
    <subfield code="a">Factores sociodemográficos de la depresión en pacientes con trastorno de conducta alimentaria</subfield>
  </datafield>
  <datafield tag="260" ind1=" " ind2=" ">
    <subfield code="a">Zaragoza</subfield>
    <subfield code="b">Universidad de Zaragoza</subfield>
    <subfield code="c">2019</subfield>
  </datafield>
  <datafield tag="506" ind1=" " ind2=" ">
    <subfield code="a">by-nc-sa</subfield>
    <subfield code="b">Creative Commons</subfield>
    <subfield code="c">3.0</subfield>
    <subfield code="u">http://creativecommons.org/licenses/by-nc-sa/3.0/</subfield>
  </datafield>
  <datafield tag="520" ind1=" " ind2=" ">
    <subfield code="a">Introducción y antecedentes: Los TCA y la depresión aparecen con frecuencia de forma comórbida y suponen un problema de salud pública por el gran número de casos existentes. Los estudios destinados a investigar esta asociación cuentan con metodologías heterogéneas y existe una carencia de resultados unificados, tratamientos estandarizados y programas de prevención destinados a estas dos entidades. &lt;br />Objetivos: Estudiar el perfil clínico-epidemiológico de pacientes con TCA y depresión, investigando los factores que pueden influir en su aparición comórbida mediante la comparación de grupos. Con esto se pretenden identificar factores de riesgo para plantear estrategias terapéuticas y programas de prevención. &lt;br />Metodología: Se ha realizado un estudio restrospectivo de 75 pacientes (edades comprendidas entre 9 y 17 años), atendidos en la UTCA del HCULB de Zaragoza y un análisis descriptivo de los resultados obtenidos a través del cumplimiento de una batería de test (N=46): SPM, CEDI II, MACI, EPQ, BELL, STAIC, RSE, EAT-40, BITE, BSQ, CIMEC, ABOS y ADHDRS IV. &lt;br />Resultados: Encontramos diferencias significativas en la frecuencia de la depresión entre los grupos con y sin conductas purgativas (p=0.038) y con relaciones armónicas y disarmónicas familiares (p=0.012), [IC del 95%]. &lt;br />Conclusiones: Podemos considerar las conductas purgativas y la disarmonía familiar como factores de riesgo de desarrollar depresión, por lo que en nuestra práctica clínica diaria será adecuada su identificación temprana. &lt;br />Palabras clave: Trastornos de Conducta Alimentaria; Depresión; Anorexia Nerviosa; Bulimia Nerviosa; Perfil clínico-epidemiológico; Factores sociodemográficos; Suicidio; Cuidadores.&lt;br />&lt;br /></subfield>
  </datafield>
  <datafield tag="521" ind1=" " ind2=" ">
    <subfield code="a">Máster Universitario en Condicionantes Genéticos, Nutricionales y Ambientales del Crecimiento y Desarrollo</subfield>
  </datafield>
  <datafield tag="540" ind1=" " ind2=" ">
    <subfield code="a">Derechos regulados por licencia Creative Commons</subfield>
  </datafield>
  <datafield tag="700" ind1=" " ind2=" ">
    <subfield code="a">De la Cámara Izquiero, Concepción</subfield>
    <subfield code="e">dir.</subfield>
  </datafield>
  <datafield tag="700" ind1=" " ind2=" ">
    <subfield code="a">Samper Villagrasa, Pilar</subfield>
    <subfield code="e">dir.</subfield>
  </datafield>
  <datafield tag="710" ind1="2" ind2=" ">
    <subfield code="a">Universidad de Zaragoza</subfield>
    <subfield code="b"> </subfield>
    <subfield code="c"></subfield>
  </datafield>
  <datafield tag="856" ind1="0" ind2=" ">
    <subfield code="f">630544@celes.unizar.es</subfield>
  </datafield>
  <datafield tag="856" ind1="4" ind2=" ">
    <subfield code="s">1093215</subfield>
    <subfield code="u">http://zaguan.unizar.es/record/111025/files/TAZ-TFM-2019-800.pdf</subfield>
    <subfield code="y">Memoria (spa)</subfield>
  </datafield>
  <datafield tag="909" ind1="C" ind2="O">
    <subfield code="o">oai:zaguan.unizar.es:111025</subfield>
    <subfield code="p">driver</subfield>
    <subfield code="p">trabajos-fin-master</subfield>
  </datafield>
  <datafield tag="950" ind1=" " ind2=" ">
    <subfield code="a"></subfield>
  </datafield>
  <datafield tag="980" ind1=" " ind2=" ">
    <subfield code="a">TAZ</subfield>
    <subfield code="b">TFM</subfield>
    <subfield code="c">MED</subfield>
  </datafield>
  <datafield tag="999" ind1=" " ind2=" ">
    <subfield code="a">20190902212433.CREATION_DATE</subfield>
  </datafield>
  <datafield tag="951" ind1=" " ind2=" ">
    <subfield code="a">deposita:2022-03-09</subfield>
  </datafield>
</record>
</collection>